| 000 | 00372nam a2200145Ia 4500 | ||
|---|---|---|---|
| 008 | 211118s9999||||xx |||||||||||||| ||und|| | ||
| 082 |
_a894.812 _bSET-K |
||
| 100 | _aSethu, | ||
| 245 | 0 | _aKaiyoppum Kaivazhikalum | |
| 260 |
_bSimon & Schuster _aNew Delhi _c2000 |
||
| 300 | _a100 | ||
| 630 | _xGeneral Stack | ||
| 650 |
_aMalayalam Literature _vMalayalam |
||
| 942 | _cBOOK | ||
| 999 |
_c97313 _d97313 |
||